000 00862nam a2200265 i 4500
003 DO-SdBNP
005 20240708110314.0
007 ta
008 240708s1964 dr 001 0 spa d
040 _aDO-SdBNP
_bspa
_cBNPHU
_erda
082 _a309.26
_bC259m
_222
100 1 _aCaram Herrera, Guillermo
_eautor
_985936
245 1 0 _aMetodología para investigaciones regionales en la República Dominicana /
_cGuillermo Caram Herrera
264 1 _aSanto Domingo :
_bJunta Nacional de Planificación y Coordinación, División de Planificación Regional,
_c1964.
300 _a82 páginas,
_c23 cm.
336 _2rdacontent
_atexto
_btxt
337 _2rdamedia
_asin mediación
_bn
338 _2rdacarrier
_avolumen
_bnc
590 _aInventariado, 2024/ DG
650 _985937
700 _985934
710 _985912
910 _aDG
942 _2ddc
_cLBS1
999 _c57198
_d57198